000 00845 a2200253 4500
003 CBULib
005 20250612094621.0
008 250127b |||||||| |||| 00| 0 eng d
020 _a9780415725330
040 _bEnglish
_cCBULib
_erda
050 _aNA 2599.5 Arc
100 _aPreiser, Wolfgang F. E.
245 _aArchitecture beyond criticism : expert judgement and performance evaluation
_c/ edited by Preiser Wolfgang F. E.
260 _bRoutledge,
_c2015
_aNew York :
300 _axxxiv 285 pages
336 _2rdacontent
_aText |
_btxt
337 _2rdamedia
_aUnmediated |
_bn
338 _2rdacarrier
_aVolume
_bnc
500 _aIncludes bibliographical references and index.
650 0 _94279
_aARCHITECTURAL CRITICISM
650 0 _94280
_aARCHITECTURAL DESIGN
650 0 _94281
_aBUILDINGD - PERFORMANCE
942 _2lcc
_c002
999 _c85950
_d85950